MARC

LEADER 00000nam0a2200000 4500
001 245557
005 20231031211149.0
010 |b 5000 экз. 
035 |a (RuTPU)RU\TPU\book\266968 
090 |a 245557 
100 |a 20131113d1933 m y0rusy50 ca 
101 0 |a rus  |c eng 
102 |a RU 
105 |a a z 001zy 
200 1 |a Очерк динамической метеорологии  |f Г. Виллетт  |g перевод с англ. и под ред. М. А. Лорис-Меликова 
210 |a Москва  |c Государственное технико-теоретическое изд-во  |d 1933  |a Ленинград 
215 |a 100 с.  |c ил. 
317 |5 63413507: 180615  |a Поступила в НТБ в 1940 г. в составе книжного собрания академика М. А. Усова. 
320 |a Библиогр.: с. 99-100. 
610 1 |a метеорология 
610 1 |a динамическая метеорология 
610 1 |a атмосфера 
610 1 |a газовые законы 
610 1 |a давление 
610 1 |a температура 
610 1 |a вертикальные перемещения 
610 1 |a вертикальные движения 
610 1 |a радиация 
610 1 |a воздушные течения 
610 1 |a циркуляция 
610 1 |a циклоны 
610 1 |a антициклоны 
610 1 |a библиотека М. А. Усова 
675 |a 551.511  |v 3 
700 1 |a Виллетт  |b Г. 
702 1 |a Лорис-Меликов  |b М. А.  |4 340  |4 730 
801 1 |a RU  |b 63413507  |c 20131113 
801 2 |a RU  |b 63413507  |c 20131113  |g RCR 
942 |c BK